Európa lítium ellátásának lehetőségei
| Szerző: | |
|---|---|
| További közreműködők: | |
| Dokumentumtípus: | TDK dolgozat |
| Kulcsszavak: | alkálifémek Európai Unió lítiumbányászat portugália Szerbia |
| Online Access: | http://dolgozattar.uni-bge.hu/60419 |
MARC
| LEADER | 00000nta a2200000 i 4500 | ||
|---|---|---|---|
| 001 | dolg60419 | ||
| 005 | 20260416073649.0 | ||
| 008 | 260416suuuu hu o 000 hun d | ||
| 040 | |a BGE Dolgozattár Repozitórium |b hun | ||
| 041 | |a hu | ||
| 100 | 1 | |a Boda Kristóf | |
| 245 | 1 | 0 | |a Európa lítium ellátásának lehetőségei |c Boda Kristóf |h [elektronikus dokumentum] |
| 516 | |a Students_Scientific_Association_paper | ||
| 520 | 3 | |a BODA KRISTÓF Konzulens:5.aktív félév Dr. Ferkelt BalázsNemzetközi tanulmányok egyetemi docensBGE-NGK BGE-NGK EURÓPA LÍTIUM ELLÁTÁSÁNAK LEHETŐSÉGEITanulmányom célja, hogy részletesen elemezzem Európa lítium ellátását és annak perspektíváit, különös tekintettel az Európa területén bányászható lítium készletekre. A ritkafémek és az egyéb megújuló energiaforrásban szereplő fémek iránti kereslet, illetve azok bányászata az utóbbi évtizedben jelentősen növekedett. Mindezek mellett az Európai Unió versenyképességét is javítaná a lítium bányászat fejlesztése, amelyben jelenleg Ausztrália, Kína és Dél-Amerika jár elől, pedig Európa is rendelkezik tartalékokkal. A legismertebb és világviszonylatban is jelentős a portugál bányászat, de vannak bányák Szilézia, Ukrajna és a Balkán, elsősorban Szerbia területén. Tanulmányom elsősorban Portugáliára és Szerbiára koncentrálok, egy jelenlegi EU-tagállamra és egy csatlakozási tárgyalásokat folytató egyelőre EU-n kívüli európai országra.Kutatásomban az alábbi kérdésekre keresem a választ: Képes lehet-e a következő évtizedekben az Európai Unió felvenni a versenyt más nemzetekkel a lítiumgazdaságot illetően? Milyen hatással lehet a lítiumkitermelés az európai gazdaságra? Meggyorsíthatja-e új lítiumbányák nyitása Szerbia európai uniós csatlakozását? Felértékelődne-e ezáltal a Balkán térsége az Európai Unió számára? A lítiumbányászat európai cégek kezében maradhatna, vagy kínai és ausztrál cégek irányítanák a kitermelést?Tanulmányom során hazai, illetve idegen nyelvű szekunder forrásokra támaszkodom. A szakkönyvek terén elsősorban Lukasz Bednarski és Guillaume Pitron művei segítették kutatásomat. Emellett a BBC és Economist cikkei, a Deutche Bank elemzései, illetve szerb és portugál lapok cikkei, adatbázisai láttak megfelelő információkat. Eddigi kutatásaim alapján megállapíthatom, hogy a lítiumbányászat fokozása nagy mértékben javíthatná a kontinens versenyképességét, mivel a lítium a jövő energiaforrásainak szerves része. A lítiumbányászat a gazdasági következmények mellett egyes országok politikai megítélésére is hatással van. A lítiumkészlet, illetve a ritkaföldfémek hasznosítása teljes mértékben átrajzolhatja egyes régiók geopolitikai helyzetét, felértékelve azokat. | |
| 695 | |a alkálifémek | ||
| 695 | |a Európai Unió | ||
| 695 | |a lítiumbányászat | ||
| 695 | |a portugália | ||
| 695 | |a Szerbia | ||
| 700 | 1 | |a Ferkelt Dr. Balázs |e ths | |
| 856 | 4 | 0 | |u http://dolgozattar.uni-bge.hu/60419/1/Boda%20Krist%C3%B3f%20-%20Eur%C3%B3pa%20l%C3%ADtium%20ell%C3%A1t%C3%A1s%C3%A1nak%20lehet%C5%91s%C3%A9gei.pdf |z Dokumentum-elérés |
| 856 | 4 | 0 | |u http://dolgozattar.uni-bge.hu/60419/2/Boda%20Krist%C3%B3f%20-%20Rez%C3%BCm%C3%A9.docx |z Dokumentum-elérés |
| 856 | 4 | 0 | |u http://dolgozattar.uni-bge.hu/60419/3/Boda_Krist%C3%B3f_NGK_EI.pdf |z Dokumentum-elérés |
| 856 | 4 | 0 | |u http://dolgozattar.uni-bge.hu/60419/4/Boda_Krist%C3%B3f_NGK_EI%20%281%29.pdf |z Dokumentum-elérés |
| 856 | 4 | 0 | |u http://dolgozattar.uni-bge.hu/60419/5/Boda%20Krist%C3%B3f%20NGK%20GYPI.pdf |z Dokumentum-elérés |